| 000 | 00645nam a2200193Ia 4500 | ||
|---|---|---|---|
| 008 | 140626s9999 xx 000 0 und d | ||
| 100 | _aChang, Shu-Fang. | ||
| 245 | 4 |
_aThe development of an evaluation tool to measure nursing core curriculum teaching effectiveness : _ban exploratory factor analysis / _cShu-Fang Chang. |
|
| 260 | _cc2013. | ||
| 300 | _a21 : 3, page 228 | ||
| 440 | _aThe Journal of Nursing Research (JNR) | ||
| 521 | _aNUR | ||
| 650 | _aCore competencies. | ||
| 650 | _aExploratory factor analysis. | ||
| 650 | _aItem analysis. | ||
| 650 | _aNursing core curricula. | ||
| 650 | _aTeaching evaluation. | ||
| 942 | _cSE | ||
| 999 |
_c121407 _d121407 |
||